| 000 | 00371nam a2200133Ia 4500 | ||
|---|---|---|---|
| 008 | 231129s2001||||xx |||||||||||||| ||spa|| | ||
| 020 | _a958-8120-28-4 | ||
| 040 | _bspa | ||
| 082 | _aR(i) 036.1 E56n | ||
| 245 | 0 | _aEnciclopedia general básica temática ilustrada | |
| 260 | _c2001 | ||
| 264 | _aEditora Cultural | ||
| 942 |
_2ddc _cBKS |
||
| 999 |
_c12987 _d12987 |
||